| 000 | 02217cam a2200289 4500500 | ||
|---|---|---|---|
| 005 | 20260329024917.0 | ||
| 041 | _afre | ||
| 042 | _adc | ||
| 100 | 1 | 0 |
_aHenriet, Fanny _eauthor |
| 700 | 1 | 0 |
_aMaggiar, Nicolas _eauthor |
| 700 | 1 | 0 |
_aSchubert, Katheline _eauthor |
| 245 | 0 | 0 | _aLa France peut-elle atteindre l’objectif du Facteur 4 ? Une évaluation à l’aide d’un modèle stylisé énergie-économie |
| 260 | _c2016. | ||
| 500 | _a49 | ||
| 520 | _aNous construisons, calibrons, et simulons un modèle stylisé de l’économie française, conçu pour évaluer le niveau de la taxe carbone qui permettrait d’atteindre l’objectif du Facteur 4, c’est-à-dire de diviser par quatre les émissions de CO2 à un horizon de quarante ans. Nous estimons les possibilités de substitution entre l’énergie fossile et les autres facteurs, du côté à la fois de la consommation des ménages et de la production des entreprises. Nous montrons que si le taux de progrès technique permettant d’économiser l’énergie reste à sa valeur historique récente, le niveau initial de la taxe carbone recommandé par le rapport Quinet est tout à fait insuffisant. | ||
| 520 | _aCan France Reach the Factor 4 Objective? An Assessment Based on a Stylised Energy-Economy Model We build, calibrate and simulate a stylised energy-economy model designed to evaluate the level of carbon tax that would allow the French economy to reduce its CO2 emissions by a factor of four over a forty-year horizon. We estimate the substitution possibilities between fossil energy and other factors for households and firms. We show that if energy-saving technical progress continues at its recent historical pace, the initial level of the carbon tax recommended by the Quinet report is totally inadequate. | ||
| 690 | _aénergie | ||
| 690 | _aenvironnement | ||
| 690 | _amodèle EGC | ||
| 690 | _ataxe carbone | ||
| 690 | _acarbon tax | ||
| 690 | _aCGE model | ||
| 690 | _aenergy | ||
| 690 | _aenvironment | ||
| 786 | 0 | _nÉconomie & prévision | 208-209 | 1 | 2016-12-08 | p. 1-21 | 0249-4744 | |
| 856 | 4 | 1 | _uhttps://shs.cairn.info/revue-economie-et-prevision-2016-1-page-1?lang=fr&redirect-ssocas=7080 |
| 999 |
_c1936409 _d1936409 |
||